| 000 | 01283nam a2200265Ia 4500 | ||
|---|---|---|---|
| 999 |
_c65224 _d65224 |
||
| 005 | 20240530110813.0 | ||
| 008 | 140319s2007 au a f b 000 0 ara d | ||
| 017 |
_a2007/3071 _bمصر. دار الكتب |
||
| 020 | _a9774371801 | ||
| 040 |
_aGCL / _cGCL |
||
| 082 | 0 | 4 |
_221 _a737.4953 / _bع ن |
| 100 | 0 | _aعاطف منصور محمد رمضان | |
| 245 | 1 | 2 |
_aالنقود الاسلامية المحفوظة فى المتحف اليونانى الرومانى بالاسكندرية / _cتأليف عاطف منصور محمد رمضان ، سميرة عبدالرؤوف ؛ تقديم زاهى حواس |
| 250 | _aط.1 | ||
| 260 |
_aالقاهرة : _bالمجلس الاعلى للثقافة، _c2007 . |
||
| 300 |
_a649 ص. : _bايض. ؛ _c24 سم. |
||
| 490 | 0 |
_aنحو وعى حضارى معاصر : _aسلسلة الثقافة الاثرية والتاريخية : _aمشروع المائة كتاب ؛ _v51 |
|
| 650 | 0 | 7 |
_aالنقود الاسلامية _2qrmak |
| 650 | 0 | 7 |
_aالمتحف اليونانى الرومانى بالاسكندرية _2qrmak |
| 651 | _2qrmak | ||
| 700 | 0 |
_aزاهى حواس _eمقدم |
|
| 700 | 0 |
_aسميرة عبدالرؤوف _eمؤلف مشارك |
|
| 942 |
_2ddc _cBK |
||